[Event "IIFL Wealth 4th Mumbai GM"]
[Site "Mumbai"]
[Date "2019.01.02"]
[Round "4"]
[White "Dushyant Sharma"]
[Black "Prajesh R"]
[Result "1-0"]
[WhiteElo "2271"]
[BlackElo "2102"]
[Annotator "TA"]
[PlyCount "42"]
[EventDate "2018.12.30"]
[EventType "swiss"]
[EventCountry "IND"]
[SourceTitle "playchess.com"]
[Source "ChessBase"]
[SourceQuality "1"]

{[%evp 29,42,8,35,1,41,13,42,-9,-9,-8,-12,-242,650,197,2396]} 1. e4 e6 2. d4 d5 3. Nd2 Nf6 4. e5 Nfd7 5. Bd3 c5 6. c3 Nc6 7. Ne2 cxd4 8. cxd4 f6 9. exf6 Nxf6 10. Nf3 Bd6 11. O-O Qc7 12. Bg5 O-O 13. Rc1 h6 14. Bh4 {C06: French Tarrasch: 3...Nf6 4 e5 Nfd7 5 Bd3 main lines} (14. Bd2 Bd7 15. Ng3 Qb6 16. Bc3 Bf4 17. Ra1 Be8 18. Qe2 Bf7 19. Rad1 Rae8 20. Ne5 Bxg3 21. hxg3 Bh5 {1-0 (88) Tiviakov,S (2664)-Berg,E (2554) Caldas da Rainha 2014}) 14... Nh5 15. Bg6 Rxf3 {LiveBook: 6 Games} 16. Bxh5 {White is slightly better.} (16. gxf3 $5 {[%cal Rg6h5]} Bxh2+ 17. Kg2 Nf4+ 18. Nxf4 Bxf4 19. Bg3 $14) 16... Bxh2+ 17. Kh1 Rf8 (17... Rf5 $5 {[%cal Rf5h5]} 18. Bg6 Bd6 $11) 18. f4 $146 ({White should play} 18. g3 $14) ({Predecessor:} 18. g3 g5 19. Kxh2 gxh4 20. Rc3 e5 21. dxe5 Qxe5 {1-0 (29) Klekowski,M (2484)-Ortmann,D (2312) Germany 2018}) 18... Bxf4 $11 19. Rc3 Bd6 {...Bd7 is the strong threat.} 20. Rf2 $2 {[#]} (20. Rxf8+ $11 {and White stays safe.} Bxf8 21. Rf3) 20... Rf4 $4 {[%mdl 8192]} (20... Bd7 $19 21. Qf1 Rxf2 22. Qxf2 Be8) 21. Rxf4 $2 (21. Nxf4 Bxf4 22. g3) 21... Bf8 $2 {Accuracy: White =  3%, Black = 28%.} (21... Bxf4 22. Rf3 Bd6) 1-0

[Event "IIFL Wealth 4th Mumbai GM"]
[Site "Mumbai"]
[Date "2019.01.02"]
[Round "4"]
[White "Pranav Vijay"]
[Black "Rozum, Ivan"]
[Result "1/2-1/2"]
[WhiteElo "2265"]
[BlackElo "2589"]
[Annotator "TA"]
[PlyCount "88"]
[EventDate "2018.12.30"]
[EventType "swiss"]
[EventCountry "IND"]
[SourceTitle "playchess.com"]
[Source "ChessBase"]
[SourceQuality "1"]

{[%evp 18,88,43,29,43,38,77,81,77,64,72,72,97,87,89,89,79,81,81,69,77,57,93,93,90,88,92,85,126,131,119,57,98,65,62,54,73,54,54,54,90,76,77,54,54,54,74,54,54,48,48,0,48,25,25,0,30,30,30,30,48,25,48,25,25,11,25,11,11,11,11,11,18]} 1. e4 {[%cal Be2e4,Be4e5][%mdl 32]} c6 2. d4 d5 3. e5 Bf5 4. Nf3 e6 5. Be2 Ne7 6. O-O h6 7. c3 Nd7 8. Nbd2 {B12: Caro-Kann: Advance Variation} Qc7 (8... c5 9. dxc5 Nxc5 10. Nd4 Nd7 11. Nxf5 Nxf5 12. Bd3 Ne7 13. Nf3 Nc6 14. Re1 Qc7 15. Qe2 g5 {0-1 (50) Karjakin,S (2773)-Mamedyarov,S (2801) Saint Louis 2018}) 9. Re1 g5 10. Nf1 {LiveBook: 5 Games. White is slightly better.} Bg6 11. Ng3 $146 ({Predecessor:} 11. Ne3 a6 12. b4 Nf5 13. Bd3 Nxe3 14. Bxe3 Bxd3 15. Qxd3 {1-0 (40) Castro,F (2192)-Jijon,F (2309) ICCF email 2015}) 11... Nf5 12. Bd3 Nxg3 13. Bxg6 fxg6 14. fxg3 Nb6 15. b3 Qg7 16. Rf1 Be7 17. Ne1 Rf8 18. Nd3 Rxf1+ 19. Qxf1 Kd7 20. a4 Rf8 21. Qe2 Kd8 22. Be3 Nd7 23. c4 Qf7 24. a5 ({Better is} 24. c5 $16) 24... a6 25. cxd5 exd5 26. b4 Qe6 27. g4 Ke8 28. h3 Rh8 29. Rb1 {Nc5 is the strong threat.} Rh7 30. Qd2 Nf8 31. Rc1 Rf7 32. Re1 Nd7 33. Qe2 Kf8 {[%cal Be8f8,Bf8g8,Bg8h7,Bh7g7][%mdl 32]} 34. Qd2 Kg8 35. Nf2 Nf8 36. Nd3 Kh7 37. Nc5 Bxc5 38. bxc5 Qe7 39. Rf1 Ne6 40. Rxf7+ (40. Rb1 {looks sharper.} Kg8 41. Kh2 Kg7 42. Kh1 Kh7 43. Qe2) 40... Qxf7 41. Qf2 Kg7 42. Qxf7+ Kxf7 {The position is equal.} 43. Kf2 Kg7 44. Kf3 Kf7 {Accuracy: White = 39%, Black = 48%.} 1/2-1/2

[Event "IIFL Wealth 4th Mumbai GM"]
[Site "Mumbai"]
[Date "2019.01.02"]
[Round "4"]
[White "Mohota, Nisha"]
[Black "Gukesh D"]
[Result "0-1"]
[WhiteElo "2264"]
[BlackElo "2466"]
[Annotator "TA"]
[PlyCount "94"]
[EventDate "2018.12.30"]
[EventType "swiss"]
[EventCountry "IND"]
[SourceTitle "playchess.com"]
[Source "ChessBase"]
[SourceQuality "1"]

{[%evp 26,94,21,21,26,34,20,33,50,55,43,51,58,48,67,25,28,5,9,0,11,8,22,-62,-54,-82,-54,-83,-59,-73,-70,-59,-64,-73,-48,-64,-42,-44,-52,-144,-140,-185,-165,-287,-294,-326,-326,-322,-309,-502,-489,-475,-441,-807,-794,-746,-727,-1125,-602,-595,-546,-572,-560,-876,-876,-889,-1016,-1009,-1016,-925,-918]} 1. e4 c5 2. Nf3 Nc6 3. Bb5 g6 4. Bxc6 dxc6 5. d3 Bg7 6. h3 Nf6 {[%cal Bg8f6,Bf6d7,Bd7f8,Bf8e6,Be6d4][%mdl 32]} 7. Nc3 Nd7 8. Be3 e5 9. Qd2 h6 {B31: Sicilian: 2...Nc6 3 Bb5 g6} 10. O-O b6 11. Nh2 Nf8 12. f4 exf4 13. Bxf4 Ne6 14. Be3 {LiveBook: 3 Games} Nd4 {[#]} 15. Rae1 $146 ({Predecessor:} 15. Rf2) 15... Be6 16. e5 Qc7 17. Ne4 $1 {[%cal Re4d6] Threatens to win with Nd6+.} O-O-O 18. Nd6+ Kb8 19. Bf4 Ka8 ({But not} 19... Bxa2 $6 20. Nxf7 $1 {[%mdl 512]} g5 21. Bg3 $16 (21. Nxh8 Bxh8 22. Bg3 Be6 $16) (21. Nxd8 gxf4 22. c3 Bxe5 $11)) 20. c3 Nf5 21. Nf3 Qd7 22. a4 Bf8 23. Nxf5 Bxf5 24. Re3 (24. e6 $11 Bxe6 25. Ne5) 24... Be6 ({Don't blunder} 24... Bxd3 $2 {[#]} 25. e6 $1 $18 {[%mdl 512]}) 25. Qe2 Be7 26. Bh2 g5 27. Nd2 h5 {[%cal Bh6h5,Bh5g4][%mdl 32]} 28. Ne4 g4 29. hxg4 hxg4 30. Nf6 Qc8 (30... Bxf6 $5 31. exf6 Qd5 $15) 31. Bg3 Rh6 32. Rf4 (32. Bf4 $15 Rhh8 33. Bg5) 32... Rdh8 $17 33. Kf2 Rh1 {[%cal Bh6h1,Bh1b1,Bb1b2][%mdl 32]} 34. Nxg4 (34. Qc2 {was necessary.}) 34... Bg5 $19 {[%mdl 64] Skewer} 35. Nf6 Bxf4 36. Bxf4 Qa6 37. Rg3 $2 (37. Qc2) 37... Qxa4 {Black is clearly winning.} 38. Bd2 Rb1 39. Be1 (39. b4 $142) 39... Rh1 40. Bd2 Qh4 41. Qe3 Bb3 {( -> ...Rbf1+)} 42. Qg5 Qxg5 43. Rxg5 Rxb2 44. Rg8+ Kb7 45. Ke2 Rd1 46. Ne4 f5 {[%mdl 64] Discovered Attack} 47. exf6 {[#]} Rdxd2+ $1 {[%mdl 512] Accuracy: White = 41%, Black = 68%.} 0-1

[Event "IIFL Wealth 4th Mumbai GM"]
[Site "Mumbai"]
[Date "2019.01.02"]
[Round "4"]
[White "Aditya Mittal"]
[Black "Deviatkin, Andrei"]
[Result "1-0"]
[WhiteElo "2251"]
[BlackElo "2464"]
[Annotator "TA"]
[PlyCount "107"]
[EventDate "2018.12.30"]
[EventType "swiss"]
[EventCountry "IND"]
[SourceTitle "playchess.com"]
[Source "ChessBase"]
[SourceQuality "1"]

{[%evp 21,107,25,35,1,22,35,33,13,13,16,22,8,15,14,9,0,16,22,10,23,20,6,6,0,0,0,0,0,2,6,6,0,0,0,0,0,0,0,0,0,10,0,0,0,5,0,0,7,16,0,0,0,14,5,8,6,8,1,9,12,18,18,18,18,18,18,18,18,47,0,50,37,159,165,178,157,864,863,887,887,830,825,29972,29973,29975,29976,29971,29972]} 1. d4 d5 2. c4 c6 3. Nf3 Nf6 4. Nc3 e6 5. Bg5 Nbd7 6. e3 Qa5 7. Nd2 dxc4 8. Bxf6 Nxf6 9. Nxc4 Qc7 10. Be2 Be7 11. O-O {D52: Queen's Gambit Declined: Cambridge Springs Variation} O-O {LiveBook: 59 Games} 12. Qb3 (12. Bf3 Rd8 13. Qe2 Bd7 14. Rac1 Be8 15. Rfd1 Rac8 16. a3 c5 17. Ne5 Qb8 18. g3 h6 {½-½ (57) Ponkratov,P (2605)-Grachev,B (2683) Khanty-Mansiysk 2013}) 12... c5 $146 ({Predecessor:} 12... Rd8 13. Rac1 Bd7 14. h3 Rac8 15. Bf3 Be8 16. Rfd1 Qb8 17. Ne5 c5 18. Qxb7 cxd4 19. Qxe7 dxc3 20. Rxd8 Rxd8 21. Rxc3 Qxb2 22. Qxd8 Qxc3 {½-½ (30) Pang,T (2328)-Zhao,Y (2372) Daqing 2018}) 13. Nb5 {The position is equal.} Qb8 14. Bf3 cxd4 15. exd4 Rd8 16. Rfd1 Bd7 17. Nc3 Qc7 18. d5 {Hoping for d6.} (18. Ne5 {with more complications.} Rab8 19. Rac1 Qd6 20. Nxd7 Rxd7 21. d5) 18... exd5 19. Nxd5 Nxd5 20. Bxd5 Be6 21. Bxe6 fxe6 22. Re1 Bc5 23. Ne5 Qb6 24. Qxb6 Bxb6 25. Re2 Rac8 26. g3 Bd4 27. Nf3 Bf6 28. Rae1 Rd6 29. Kg2 Kf7 30. h4 Rc5 31. b3 a6 32. Re4 Rc2 (32... h6 {seems wilder.} 33. Rf4 Ke7 34. Rb4 b5 35. Re2 Kf8) 33. R1e2 (33. a4 {looks sharper.} h6 34. Rf4 Ke7 35. Ne5 Bxe5 36. Rxe5 b6 37. Re3) 33... Rxe2 34. Rxe2 $11 {[%mdl 4096] Endgame KRB-KRN} Ke7 35. Nd2 Rc6 36. Ne4 Bd4 37. Ng5 h6 38. Ne4 g6 39. Kf3 e5 40. Kg4 Ke6 41. h5 g5 42. Kf3 b5 43. g4 Kd5 44. Ng3 Re6 45. Ne4 a5 46. Rc2 a4 ({Black should play} 46... Re7 $1 $14 47. Ng3 e4+ 48. Kg2 Bc5) 47. Rc8 $16 axb3 48. axb3 Ra6 $2 {[#]} (48... Rc6 $16 49. Rxc6 Kxc6) 49. Rd8+ $1 $18 Kc6 50. Rd6+ Kb7 {[#]} 51. Rxd4 $1 {[%mdl 576] Remove Defender} exd4 52. Nc5+ {[%mdl 64] Double Attack. White mates.} Kb6 53. Nxa6 Kxa6 54. b4 {Accuracy: White = 59%, Black = 46%.} 1-0

[Event "IIFL Wealth 4th Mumbai GM"]
[Site "Mumbai"]
[Date "2019.01.02"]
[Round "4"]
[White "Varga, Klara"]
[Black "Chowdhury, Sohel"]
[Result "1-0"]
[WhiteElo "2242"]
[BlackElo "2012"]
[Annotator "NA"]
[PlyCount "67"]
[EventDate "2018.12.30"]
[EventType "swiss"]
[EventCountry "IND"]
[SourceTitle "playchess.com"]
[Source "ChessBase"]
[SourceQuality "1"]
[TimeControl "40/5400+30:1800+30"]

1. c4 {[%emt 0:00:00]} c6 {[%emt 0:00:00]} 2. Nf3 {[%emt 0:00:00]} d5 {[%emt 0:00:00]} 3. e3 {[%emt 0:00:00]} Nf6 {[%emt 0:00:05]} 4. Nc3 {[%emt 0:00:00]} e6 {[%emt 0:00:42]} 5. b3 {[%emt 0:00:00]} Bb4 {[%emt 0:00:50] A11: English Opening: 1...c6} (5... Bd6 6. Bb2 O-O 7. d4 Nbd7 8. Be2 b6 9. O-O Bb7 10. h3 Qe7 11. Rc1 Rfe8 12. Qc2 Rac8 13. Rfd1 h6 14. Qb1 Bb4 15. Qa1 Bd6 16. Bd3 {1-0 (47) Andreikin,D (2712)-Jakovenko,D (2747) Satka 2018}) 6. Bb2 {[%emt 0:00:07]} O-O {[%emt 0:00:15]} 7. Qc2 {[%emt 0:00:18]} a5 $146 {[%emt 0:00:09]} ({Predecessor:} 7... Nbd7 8. a3 Bd6 9. d4 b6 10. e4 Nxe4 11. Nxe4 dxe4 12. Qxe4 Bb7 13. Bd3 Nf6 {1-0 (24) Chekhov,V (2500)-Kiselev,S (2495) Moscow 1995}) 8. Bd3 {[%emt 0:03:49]} Nbd7 {[%emt 0:01:23]} 9. Na4 {[%emt 0:01:50]} Bd6 {[%emt 0:03:54]} 10. g4 {[%emt 0:08:44]} dxc4 {[%emt 0:06:48]} 11. bxc4 {[%emt 0:00:22]} g6 {[%emt 0:01:05]} 12. h4 {[%emt 0:04:38]} Nxg4 {[%emt 0:06:29]} 13. h5 {[%emt 0:00:47]} Nde5 {[%emt 0:01:34]} 14. Be2 $2 {[%emt 0:07:31]} (14. Nxe5 $18 Nxe5 15. Be4) 14... Nxf3+ {[%emt 0:04:35]} 15. Bxf3 {[%emt 0:00:02]} e5 {[%emt 0:00:30]} 16. c5 {[%emt 0:00:55]} Bc7 {[%emt 0:01:07]} 17. hxg6 {[%emt 0:01:56]} hxg6 {[%emt 0:01:03]} 18. Nb6 {[%emt 0:02:18]} Qf6 {[%emt 0:12:32]} 19. Qe4 {[%emt 0:09:53]} Bf5 {[%emt 0:02:11]} 20. Qa4 {[%emt 0:00:15]} Bxb6 {[%emt 0:25:24]} 21. cxb6 {[%emt 0:00:03]} Nxf2 {[%emt 0:13:46]} 22. Kxf2 {[%emt 0:00:07]} Rad8 {[%emt 0:00:04]} 23. Bc3 {[%emt 0:00:37]} Rd4 $2 {[%emt 0:00:50] [#]} (23... Kg7 24. Rag1 Rfe8 25. Qxa5 Be4) 24. Qxd4 $18 {[%emt 0:01:57]} exd4 {[%emt 0:04:25]} 25. Bxd4 {[%emt 0:00:02]} Qxd4 {[%emt 0:01:35]} 26. exd4 {[%emt 0:00:02]} Rd8 {[%emt 0:00:02]} 27. Rh4 {[%emt 0:01:16]} g5 {[%emt 0:01:08]} 28. Rg1 {[%emt 0:00:08]} f6 {[%emt 0:00:02]} 29. Rf4 {[%emt 0:00:08]} Bg6 {[%emt 0:01:23]} 30. Rxf6 {[%emt 0:00:06]} Kg7 {[%emt 0:00:01]} 31. Re6 {[%emt 0:00:26]} Kf7 {[%emt 0:01:03]} 32. Re5 {[%emt 0:00:35]} Rxd4 {[%emt 0:00:05]} 33. Rexg5 {[%emt 0:00:09]} Rxd2+ {[%emt 0:00:42]} 34. Ke3 {[%emt 0:00:18]} 1-0

[Event "IIFL Wealth 4th Mumbai GM"]
[Site "Mumbai"]
[Date "2019.01.02"]
[Round "4"]
[White "Wagh Suyog"]
[Black "Shyaamnikhil P"]
[Result "0-1"]
[WhiteElo "2240"]
[BlackElo "2448"]
[Annotator "NA RC"]
[PlyCount "83"]
[EventDate "2018.12.30"]
[EventType "swiss"]
[EventCountry "IND"]
[SourceTitle "playchess.com"]
[Source "ChessBase"]
[SourceQuality "1"]
[TimeControl "40/5400+30:1800+30"]

1. c4 {[%emt 0:00:00]} e5 {[%emt 0:00:00]} 2. g3 {[%emt 0:01:59]} h5 {[%emt 0:04:01]} 3. h4 {[%emt 0:04:42]} c6 {[%emt 0:04:08]} 4. Bg2 {[%emt 0:00:29]} Nf6 {[%emt 0:00:39]} 5. d4 {[%emt 0:16:01]} Bb4+ {[%emt 0:08:58]} 6. Nc3 {[%emt 0:18:39]} d6 {[%emt 0:02:31]} 7. dxe5 {[%emt 0:03:33]} dxe5 {[%emt 0:01:49]} 8. Qc2 {[%emt 0:00:22]} Ng4 {[%emt 0:04:59]} 9. e3 {[%emt 0:12:50]} ({White should play} 9. Nf3 $14) 9... Be6 {[%emt 0:08:34]} 10. a3 {[%emt 0:01:44]} Be7 {[%emt 0:09:43]} 11. Ne4 {[%emt 0:03:35]} f5 {[%emt 0:02:20]} 12. Ng5 {[%emt 0:00:17]} Bxg5 {[%emt 0:00:26]} 13. hxg5 {[%emt 0:00:02]} Qxg5 {[%emt 0:00:50]} 14. e4 {[%emt 0:00:24]} Qf6 {[%emt 0:04:23]} 15. f3 Nh6 {[%emt 0:00:43]} 16. Rxh5 {[%emt 0:06:05]} Nd7 {[%emt 0:00:45]} 17. exf5 {[%emt 0:06:48]} Bxf5 {[%emt 0:00:38]} 18. Qc3 $15 {[%emt 0:00:58]} Qf7 {[%emt 0:09:16]} 19. Rh4 {[%emt 0:03:32]} O-O-O {[%emt 0:03:50]} 20. Be3 {[%emt 0:01:38]} Nb6 {[%emt 0:03:47]} 21. Bf1 {[%emt 0:02:30]} Qg6 {[%emt 0:02:38]} 22. Bf2 {[%emt 0:00:10]} e4 {[%emt 0:02:05]} 23. fxe4 {[%emt 0:03:37]} Bxe4 {[%emt 0:02:01]} 24. Bh3+ {[%emt 0:03:03]} Bf5 {[%emt 0:00:52]} 25. Bxf5+ {[%emt 0:00:20]} Qxf5 {[%emt 0:01:48]} 26. Rf4 {[%emt 0:00:03]} Qh5 {[%emt 0:03:29]} 27. Qxg7 {[%emt 0:02:26]} Rhg8 {[%emt 0:01:21]} 28. Qh7 {[%emt 0:02:09]} Rd7 {[%emt 0:01:38]} 29. Qc2 {[%emt 0:00:17]} Ng4 {[%emt 0:02:13]} 30. Qf5 {[%emt 0:00:55]} Re8+ {[%emt 0:01:53]} 31. Kf1 {[%emt 0:00:25]} Qxf5 {[%emt 0:01:05]} 32. Rxf5 {[%emt 0:00:01]} Nxc4 {[%emt 0:01:22]} 33. Rf4 {[%emt 0:05:15]} Nge3+ {[%emt 0:04:14]} 34. Bxe3 {[%emt 0:00:01]} Nxe3+ {[%emt 0:00:07]} 35. Kf2 {[%emt 0:00:09]} Rd2+ {[%emt 0:00:51]} 36. Kf3 {[%emt 0:00:14]} Nd5 {[%emt 0:00:23]} 37. Rf7 {[%emt 0:00:10]} Rxb2 {[%emt 0:00:35]} 38. Nh3 {[%emt 0:00:32]} Rb3+ {[%emt 0:00:37]} 39. Kg4 {[%emt 0:00:17]} Rg8+ {[%emt 0:01:10]} 40. Ng5 {[%emt 0:00:00]} Ne3+ {[%emt 0:00:00]} 41. Kh4 {[%emt 0:03:38]} Rb5 {[%emt 0:02:18]} 42. Nh7 0-1

[Event "IIFL Wealth 4th Mumbai GM"]
[Site "Mumbai"]
[Date "2019.01.02"]
[Round "4"]
[White "Prraneeth Vuppala"]
[Black "Triton, Maxime"]
[Result "1-0"]
[WhiteElo "2228"]
[BlackElo "1937"]
[Annotator "NA"]
[PlyCount "89"]
[EventDate "2018.12.30"]
[EventType "swiss"]
[EventCountry "IND"]
[SourceTitle "playchess.com"]
[Source "ChessBase"]
[SourceQuality "1"]
[TimeControl "40/5400+30:1800+30"]

1. d4 {[%emt 0:01:42]} Nf6 {[%emt 0:00:00]} 2. c4 {[%emt 0:00:46]} c5 {[%emt 0:00:00]} 3. d5 {[%emt 0:00:03]} e5 {[%emt 0:00:04]} 4. Nc3 {[%emt 0:00:54]} d6 {[%emt 0:00:12]} 5. e4 {[%emt 0:00:48]} Be7 {[%emt 0:00:13]} 6. Bd3 {[%emt 0:01:36]} Nbd7 {[%emt 0:00:34]} 7. Nge2 {[%emt 0:00:41]} Nf8 {[%emt 0:03:10]} 8. a3 {[%emt 0:11:17] A56: Czech Benoni} (8. Ng3 Ng6 9. Nf5 O-O 10. Qf3 Re8 11. O-O h6 12. g3 Nh7 13. h4 Bf6 14. Nb5 Bxf5 15. exf5 e4 16. Bxe4 {1-0 (35) Wagner,D (2572)-Czebe,A (2474) Zalakaros 2015}) 8... Ng6 {[%emt 0:01:06]} 9. b4 {[%emt 0:00:39]} b6 {[%emt 0:01:53]} 10. O-O {[%emt 0:04:29]} O-O {[%emt 0:00:28]} 11. Ng3 $146 {[%emt 0:01:49]} ({Predecessor:} 11. Bd2 Nh5 12. Qc1 Bf6 13. Ra2 Nhf4 14. Bb1 Qd7 15. f3 Bg5 16. Ng3 {1-0 (30) De Blecourt,S (2075)-Liu,C (1898) Ballerup 2018}) 11... Ne8 {[%emt 0:10:31]} 12. Nf5 {[%emt 0:13:13]} Bg5 {[%emt 0:06:38]} 13. Bb2 {[%emt 0:02:22]} Nf4 {[%emt 0:04:20]} 14. Bc2 {[%emt 0:00:23]} g6 {[%emt 0:08:48]} 15. Ne3 {[%emt 0:00:29]} Ng7 {[%emt 0:02:55]} 16. Ne2 {[%emt 0:05:24]} f5 {[%emt 0:07:31]} 17. exf5 {[%emt 0:06:25]} Nxf5 {[%emt 0:05:26]} 18. Nxf5 Bxf5 {[%emt 0:01:33]} 19. Ng3 {[%emt 0:01:52]} Bxc2 {[%emt 0:02:16]} 20. Qxc2 {[%emt 0:00:02]} Rf7 {[%emt 0:03:05]} 21. Ne4 {[%emt 0:02:32]} Bh6 {[%emt 0:08:33]} 22. Rae1 {[%emt 0:16:52]} Qd7 {[%emt 0:04:47]} 23. g3 {[%emt 0:06:28]} Nh3+ {[%emt 0:02:27]} 24. Kg2 {[%emt 0:00:54]} Ng5 {[%emt 0:02:27]} 25. Nxg5 {[%emt 0:03:18]} Bxg5 {[%emt 0:00:05]} 26. b5 {[%emt 0:00:48]} Raf8 {[%emt 0:01:40]} 27. f3 {[%emt 0:00:12]} Rf5 {[%emt 0:02:22]} 28. Qc3 {[%emt 0:01:37]} Bf6 {[%emt 0:02:40]} 29. Qc2 {[%emt 0:00:56]} Bg5 {[%emt 0:00:14]} 30. a4 {[%emt 0:01:01]} Qf7 {[%emt 0:05:05]} 31. Qe4 {[%emt 0:00:59]} Bd2 {[%emt 0:05:15]} 32. Re2 {[%emt 0:00:54]} Bg5 {[%emt 0:00:13]} 33. Bc3 {[%emt 0:03:21]} Bd8 {[%emt 0:01:03]} 34. Bd2 {[%emt 0:00:37]} Qe7 {[%emt 0:03:47]} 35. Bh6 {[%emt 0:04:43]} Re8 {[%emt 0:02:27]} 36. h4 {[%emt 0:00:03]} Qd7 {[%emt 0:01:43]} 37. f4 {[%emt 0:02:17]} Rh5 {[%emt 0:00:58]} 38. Bg5 {[%emt 0:00:02]} Qg4 {[%emt 0:01:39]} 39. Bxd8 {[%emt 0:05:57]} Rxd8 {[%emt 0:00:11]} 40. fxe5 {[%emt 0:00:00]} Qxe4+ {[%emt 0:00:00]} 41. Rxe4 {[%emt 0:00:03]} Rxe5 {[%emt 0:06:07]} 42. Rxe5 {[%emt 0:00:09]} dxe5 {[%emt 0:00:02]} 43. Rf6 {[%emt 0:00:08]} Re8 {[%emt 0:04:56]} 44. Kf3 {[%emt 0:01:57]} Kg7 $18 {[%emt 0:04:34]} 45. Rc6 {[%emt 0:00:03]} 1-0

[Event "IIFL Wealth 4th Mumbai GM"]
[Site "Mumbai"]
[Date "2019.01.02"]
[Round "4"]
[White "Samant Aditya S"]
[Black "Puranik, Abhimanyu"]
[Result "0-1"]
[WhiteElo "2205"]
[BlackElo "2544"]
[Annotator "TA"]
[PlyCount "80"]
[EventDate "2018.12.30"]
[EventType "swiss"]
[EventCountry "IND"]
[SourceTitle "playchess.com"]
[Source "ChessBase"]
[SourceQuality "1"]

{[%evp 33,80,38,30,11,41,-18,8,11,15,-52,-43,-50,-23,-23,-23,-20,-19,-20,-18,-102,-102,-110,-108,-123,-124,-118,-113,-121,-116,-131,-132,-134,-129,-128,-128,-134,-135,-153,-164,-147,-150,-155,-136,-654,-653,-630,-590,-1271,-1254]} 1. e4 c5 2. Nf3 Nc6 3. d4 cxd4 4. Nxd4 g6 5. c4 Bg7 6. Be3 Nf6 7. Nc3 O-O 8. Be2 d6 9. O-O Bd7 10. Qd2 Nxd4 11. Bxd4 Bc6 12. f3 a5 13. b3 Nd7 14. Bf2 Nc5 15. Rab1 e6 {B38: Sicilian: Maroczy Bind with 5...Bg7 and 7...0-0} 16. Rfd1 Be5 17. Bd4 Qb6 {[#] LiveBook: 5 Games. White is slightly better.} 18. Nb5 $146 ({Predecessor:} 18. Kh1 Rfd8 19. a3 Qc7 20. b4 axb4 21. axb4 Na4 22. Bxe5 dxe5 {½-½ (36) Sumets,A (2568)-Vorobiov,E (2547) Nova Gorica 2018}) 18... Rfd8 19. Kh1 (19. Bf2 $14) 19... Bxd4 20. Nxd4 e5 21. Nxc6 (21. Nc2 $11) 21... bxc6 $15 22. Qe3 Qc7 23. a3 Ne6 24. b4 axb4 25. axb4 Nd4 26. c5 {[#]} (26. Bf1 $11 {keeps the balance.}) 26... dxc5 $1 $17 27. bxc5 Ra5 28. Rdc1 Qe7 29. Qc3 Rda8 ({But not} 29... Nxe2 30. Qxa5 Nxc1 31. Rxc1 $15) 30. Bf1 Kg7 31. Rb6 Ra3 32. Qb2 Ra2 33. Qb1 R8a7 $36 {[%mdl 2048] Keeping White busy.} 34. Rb8 R2a5 35. Qb4 Ra1 36. Qb2 Rxc1 37. Qxc1 Ra5 38. Qb2 $2 {[%mdl 8192] [#]} (38. Rb1 $17) 38... Qa7 $1 $19 {Black is clearly winning.} 39. Rb6 Ra1 {[%cal Ra1f1]} 40. Qf2 Qa2 {Accuracy: White = 26%, Black = 75%.} 0-1

[Event "IIFL Wealth 4th Mumbai GM"]
[Site "Mumbai"]
[Date "2019.01.02"]
[Round "4"]
[White "Mrudul Dehankar"]
[Black "Gajek, Radoslaw"]
[Result "0-1"]
[WhiteElo "2199"]
[BlackElo "2475"]
[Annotator "TA"]
[PlyCount "92"]
[EventDate "2018.12.30"]
[EventType "swiss"]
[EventCountry "IND"]
[SourceTitle "playchess.com"]
[Source "ChessBase"]
[SourceQuality "1"]

{[%evp 22,92,26,20,40,38,24,35,47,41,43,34,47,25,22,0,0,-5,0,-22,-10,-24,-21,-44,-34,-39,-38,-70,-60,-45,-16,-131,-126,-162,-77,-91,-81,-97,-93,-91,-45,-34,-45,-202,-189,-188,-193,-377,-387,-504,-506,-493,-489,-667,-678,-596,-656,-648,-625,-638,-602,-672,-662,-643,-608,-753,-797,-854,-842,-1003,-997,-29996,-29997]} 1. d4 Nf6 2. Nf3 e6 3. c4 d5 4. Nc3 dxc4 5. e4 Bb4 6. Bg5 c5 7. Bxc4 cxd4 8. Nxd4 Qa5 9. Bd2 Qc5 {D39: Queen's Gambit Declined: Ragozin Defence with 5 Bg5 dxc4} (9... O-O 10. Nc2 Nc6 11. Nxb4 Qxb4 12. b3 Qe7 13. O-O Rd8 14. Qe1 Ne5 15. Bg5 Qc5 16. Be3 Qc7 17. Nb5 {½-½ (72) Le,Q (2726)-Lu,S (2638) Danzhou 2017}) 10. Bb5+ Bd7 11. Nb3 Qb6 12. Bd3 {LiveBook: 4 Games} Nc6 13. O-O O-O 14. Be3 Qc7 15. Rc1 Rfd8 16. Qe2 Be8 $146 ({Predecessor:} 16... Rac8 17. Bb1 {1-0 (34) Buhmann,R (2581)-Miller,E (2309) Dresden 2018}) 17. f4 Ng4 18. Qxg4 Rxd3 19. Qe2 Rdd8 20. Nb5 Qb8 21. a3 Bf8 22. Kh1 b6 23. f5 exf5 24. Bf4 Qb7 $1 25. exf5 Rac8 26. Nc3 (26. f6 $11 {remains equal.}) 26... f6 $17 27. Qg4 {[#]} Bf7 (27... Qf7 $1 $19 {[%cal Rf7b3] and Black stays clearly on top.} 28. Nd2 h5) 28. Nd2 Nd4 29. Nde4 Kh8 30. Rcd1 Rd7 31. Nd6 Bxd6 32. Rxd4 $2 {[#]} ({White must play} 32. Bxd6 $15 Nc2 33. Qf4) 32... Bxa3 $1 $19 {[%mdl 576] Discovered Attack} 33. Rxd7 (33. bxa3 Rxd4) 33... Qxd7 34. Rd1 $2 (34. Bc1) 34... Qe8 35. bxa3 {Threatens to win with Qg3.} Bh5 (35... Rxc3 $2 36. Bc1 $19) 36. Qg3 {aiming for Rd6.} Bxd1 37. Nxd1 Qe2 {[%cal Re2f1]} 38. h3 Qxd1+ {[%mdl 4096] Endgame KQR-KQB} 39. Kh2 Qd7 40. Qg4 Rc5 41. Qe2 Rxf5 42. Qe4 {White wants to mate with Qa8+.} Rc5 43. h4 h5 44. Bg3 Qd5 45. Qe8+ Kh7 {( -> ...Rc2)} 46. Qe7 Rc2 {Accuracy: White = 29%, Black = 84%.} 0-1